| 000 | 00494nam a2200169 a 4500 | ||
|---|---|---|---|
| 005 | 20140310183228.0 | ||
| 008 | 040311s19uu xx 00 eng d | ||
| 050 |
_aPS 3569.A215 _b.Sa115 1984 |
||
| 100 | _aSaberhagen, Fred | ||
| 245 |
_aThe complete book of swords / _cFred Saberhagen. |
||
| 260 |
_aNew York : _bNelson Doubleday, _c1984. |
||
| 300 |
_a626 p. : _c18 cm. |
||
| 500 | _aComprising the first, second, and third book | ||
| 650 | _aFiction | ||
| 942 |
_cBK _2lcc |
||
| 999 |
_c20445 _d20445 |
||